[Event "EU-chT Seniors 15th"]
[Site "Dresden"]
[Date "2013.07.23"]
[Round "4"]
[White "Buck, Klaus Michael"]
[Black "Ollek, Karl Heinz"]
[Result "1-0"]
[WhiteElo "1730"]
[BlackElo "1735"]
[EventDate "2013.07.20"]
[PlyCount "94"]

1.b4 e5 2.a3 Nf6 3.Bb2 d6 4.e3 Be6 5.Nf3 h6 6.Be2 Be7 7.c4 O-O 8.O-O a5 9.
b5 Nbd7 10.Nc3 Nc5 11.d4 exd4 12.Nxd4 Qd7 13.Na4 Nxa4 14.Qxa4 Ne4 15.Qc2 
f5 16.Bf3 Nc5 17.Nxe6 Nxe6 18.Bxb7 Rad8 19.Bd5 Kh8 20.Qc3 Bf6 21.Qc2 Nc5 
22.Bd4 f4 23.Bxf6 Rxf6 24.exf4 Rxf4 25.a4 Rdf8 26.Ra3 Qe7 27.Rg3 R8f6 28.
Re3 Qf8 29.f3 Qd8 30.Rfe1 Rf8 31.Re7 R4f6 32.Bc6 Qc8 33.Re8 Qf5 34.Qxf5 
Rxf5 35.R8e7 Nd3 36.R1e3 Re5 37.R3xe5 Nxe5 38.Rxc7 Nxc4 39.Bd5 Nb6 40.Bb3 
Rf4 41.Rc6 Nxa4 42.Bc2 Kg8 43.b6 Nc5 44.Rxd6 Kf8 45.Be4 Ke7 46.Rc6 Na6 47.
b7 Kd7 1-0

[Event "EU-chT Seniors 15th"]
[Site "Dresden"]
[Date "2013.07.23"]
[Round "4"]
[White "Jones, Iolo Cerredig"]
[Black "Welz, Peter"]
[Result "1/2-1/2"]
[WhiteElo "2225"]
[BlackElo "2149"]
[EventDate "2013.07.20"]
[PlyCount "120"]

1.Nf3 f5 2.d3 d6 3.e4 e5 4.Nc3 Nf6 5.g3 Be7 6.Bg2 O-O 7.Qe2 Nc6 8.h3 Nd4 
9.Nxd4 exd4 10.Nd5 Nxd5 11.exd5 Bg5 12.O-O Bxc1 13.Raxc1 f4 14.Qe4 Qf6 15.
Qxf4 Qxf4 16.gxf4 Rxf4 17.Rce1 Bd7 18.Re7 Rf7 19.Rfe1 Raf8 20.Rxf7 Kxf7 
21.Re4 Re8 22.Rf4+ Kg6 23.Kf1 Re5 24.Rxd4 Rh5 25.h4 b5 26.a4 a6 27.axb5 
axb5 28.Rf4 Re5 29.Be4+ Bf5 30.Kg2 Kf6 31.Bxf5 Rxf5 32.Rd4 g5 33.c4 b4 34.
Re4 gxh4 35.Rxh4 h5 36.Re4 Re5 37.f4 Re7 38.Kf3 b3 39.Kf2 Rg7 40.Re8 h4 
41.Rf8+ Ke7 42.Rh8 Rg4 43.Kf3 Rg3+ 44.Ke4 Rg2 45.Rxh4 Rxb2 46.Rh7+ Kd8 47.
Rh8+ Kd7 48.Rb8 c5 49.dxc6+ Kxc6 50.Kd4 Rb1 51.Kc3 Rc1+ 52.Kb2 Rf1 53.Rf8 
Rf3 54.Kxb3 Rxd3+ 55.Kb4 Rd1 56.f5 Rb1+ 57.Kc3 d5 58.Rc8+ Kd7 59.Rc5 dxc4 
60.Kxc4 Rc1+ 1/2-1/2

[Event "EU-chT Seniors 15th"]
[Site "Dresden"]
[Date "2013.07.23"]
[Round "4"]
[White "Kaiser, Horst"]
[Black "Waterfield, John"]
[Result "1/2-1/2"]
[WhiteElo "1851"]
[BlackElo "1980"]
[EventDate "2013.07.20"]
[PlyCount "54"]

1.e4 c5 2.Nf3 g6 3.d4 cxd4 4.Nxd4 Nc6 5.c3 Bg7 6.Nf3 Nf6 7.Bd3 O-O 8.O-O 
d5 9.exd5 Nxd5 10.Be4 Nb6 11.Qe2 Qc7 12.Na3 a6 13.Be3 Bg4 14.h3 Bxf3 15.
Bxf3 Ne5 16.Rfd1 Rfd8 17.Rxd8+ Rxd8 18.Rd1 Rxd1+ 19.Qxd1 Nxf3+ 20.Qxf3 Na4
21.Qe2 b5 22.Nc2 Qb7 23.Nd4 Nb6 24.g3 h6 25.h4 e5 26.Nb3 Na4 27.c4 Nc3 
1/2-1/2

[Event "EU-chT Seniors 15th"]
[Site "Dresden"]
[Date "2013.07.23"]
[Round "4"]
[White "Andersson, Sven Olof"]
[Black "Ehlert, Joachim"]
[Result "1/2-1/2"]
[WhiteElo "1977"]
[BlackElo "1984"]
[EventDate "2013.07.20"]
[PlyCount "30"]

1.d4 Nf6 2.Nf3 g6 3.g3 Bg7 4.Bg2 O-O 5.O-O d6 6.c4 c6 7.Nc3 Na6 8.a3 Rb8 
9.Qd3 Nc7 10.Bf4 Nh5 11.Bg5 h6 12.Be3 Kh7 13.Nh4 Ne6 14.Rad1 Nf6 15.h3 d5 
1/2-1/2

[Event "EU-chT Seniors 15th"]
[Site "Dresden"]
[Date "2013.07.23"]
[Round "4"]
[White "Gafke, Manfred"]
[Black "Nyberg, Bo"]
[Result "1/2-1/2"]
[WhiteElo "1887"]
[BlackElo "1852"]
[EventDate "2013.07.20"]
[PlyCount "41"]

1.d4 d5 2.Bf4 e6 3.e3 b6 4.Nf3 f5 5.c3 Nf6 6.Nbd2 Be7 7.Bd3 O-O 8.Ne5 Ne4 
9.h3 Nd7 10.O-O Ndf6 11.Rc1 Bd7 12.Bxe4 Nxe4 13.c4 Be8 14.c5 b5 15.Nxe4 
dxe4 16.b4 Qd5 17.a4 a6 18.a5 g5 19.Bh2 Rd8 20.Rb1 Kh8 21.Qb3 1/2-1/2

[Event "EU-chT Seniors 15th"]
[Site "Dresden"]
[Date "2013.07.23"]
[Round "4"]
[White "Kalmutzki, Manfred"]
[Black "Sandklef, Ake"]
[Result "1/2-1/2"]
[WhiteElo "1930"]
[BlackElo "1975"]
[EventDate "2013.07.20"]
[PlyCount "33"]

1.d4 d5 2.e3 Nf6 3.f4 g6 4.Bd3 Bg7 5.Nf3 Nbd7 6.Nbd2 c5 7.c3 b6 8.Ne5 Nxe5
9.fxe5 Nd7 10.O-O O-O 11.Nf3 Nb8 12.Bd2 Ba6 13.Bxa6 Nxa6 14.Qe2 Nc7 15.e4 
cxd4 16.cxd4 Ne6 17.Bc3 1/2-1/2

[Event "EU-chT Seniors 15th"]
[Site "Dresden"]
[Date "2013.07.23"]
[Round "4"]
[White "Foerster, Juergen"]
[Black "Wuensch, Ulrich"]
[Result "0-1"]
[WhiteElo "1761"]
[BlackElo "2092"]
[EventDate "2013.07.20"]
[PlyCount "50"]

1.d4 Nf6 2.c4 e6 3.Nc3 Bb4 4.Qb3 c5 5.dxc5 Bxc5 6.Nf3 O-O 7.Bg5 Be7 8.e3 
b6 9.Be2 Bb7 10.O-O Na6 11.Rfd1 Nc5 12.Qc2 Nfe4 13.Bxe7 Qxe7 14.Nxe4 Nxe4 
15.Ne5 d5 16.cxd5 Bxd5 17.Nc6 Qh4 18.g3 Qf6 19.Ba6 Nc5 20.Nb4 Be4 21.Bd3 
Nxd3 22.Nxd3 Qf3 23.Kf1 Rac8 24.Qb3 Bd5 25.Qa3 Rc7 0-1

[Event "EU-chT Seniors 15th"]
[Site "Dresden"]
[Date "2013.07.23"]
[Round "4"]
[White "Staudte, Rainer"]
[Black "Gabriel, Wolfram"]
[Result "1-0"]
[WhiteElo "1919"]
[BlackElo "1733"]
[EventDate "2013.07.20"]
[PlyCount "109"]

1.e4 e5 2.Nf3 Nc6 3.Bc4 Nf6 4.Ng5 d5 5.exd5 Nxd5 6.Nxf7 Kxf7 7.Qf3+ Qf6 8.
Bxd5+ Ke8 9.Bxc6+ Qxc6 10.Qxc6+ bxc6 11.Nc3 Bf5 12.d3 Bb4 13.Bd2 Rb8 14.
O-O-O Kf7 15.Ne4 Be7 16.Rhe1 h6 17.Bc3 Bd6 18.Ng3 Bg6 19.Bxe5 Rhd8 20.Bxd6
cxd6 21.Re3 Rd7 22.Rde1 Kf8 23.b3 Rb6 24.Ne4 Ra6 25.Kb2 Rb6 26.Rg3 Bf7 27.
Rge3 Rb8 28.f4 Rb4 29.a3 Rb5 30.c4 Rb8 31.f5 Rdd8 32.R1e2 d5 33.Nd2 Rb7 
34.Kc2 Rbd7 35.c5 Bh5 36.Re1 a5 37.h3 d4 38.Re5 Rd5 39.Nc4 Ra8 40.Rxd5 
cxd5 41.Nd6 Ra6 42.g4 Bf7 43.Re5 Rc6 44.b4 axb4 45.axb4 Ra6 46.b5 Ra2+ 47.
Kc1 Ra3 48.Nxf7 Kxf7 49.Rxd5 Rxd3 50.c6 Ke8 51.h4 Rh3 52.Rxd4 Rb3 53.Rd5 
Rb4 54.Kd2 Rxg4 55.c7 1-0

[Event "EU-chT Seniors 15th"]
[Site "Dresden"]
[Date "2013.07.23"]
[Round "4"]
[White "Schmidt, Gerhard"]
[Black "Alter, Helmut"]
[Result "1/2-1/2"]
[WhiteElo "2093"]
[BlackElo "1876"]
[EventDate "2013.07.20"]
[PlyCount "24"]

1.e4 c5 2.c3 b6 3.d4 e6 4.Nf3 Bb7 5.Bd3 d5 6.Qa4+ Bc6 7.Bb5 Qd7 8.Bxc6 
Qxc6 9.Qxc6+ Nxc6 10.exd5 exd5 11.O-O f6 12.Re1+ Kf7 1/2-1/2

[Event "EU-chT Seniors 15th"]
[Site "Dresden"]
[Date "2013.07.23"]
[Round "4"]
[White "Stavenhagen, Johannes"]
[Black "Bussler, Juergen"]
[Result "0-1"]
[WhiteElo "2007"]
[BlackElo "2024"]
[EventDate "2013.07.20"]
[PlyCount "54"]

1.d4 d5 2.e3 Nf6 3.c4 c6 4.Nc3 e6 5.Bd3 Nbd7 6.Nf3 dxc4 7.Bxc4 b5 8.Bd3 a6
9.e4 c5 10.Be3 cxd4 11.Bxd4 Bc5 12.Bxf6 Qxf6 13.O-O O-O 14.Re1 Ne5 15.Be2 
Rd8 16.Qc2 Bb6 17.a3 Bb7 18.h3 Qf4 19.Rad1 Rac8 20.Rf1 Rxd1 21.Bxd1 Nc4 
22.g3 Qc7 23.Qb3 Qxg3+ 24.Kh1 Rd8 25.a4 Nd2 26.Nxd2 Rxd2 27.Nb1 Rd3 0-1

[Event "EU-chT Seniors 15th"]
[Site "Dresden"]
[Date "2013.07.23"]
[Round "4"]
[White "Illi, Hans Joerg"]
[Black "Mochalov, Evgeny V"]
[Result "0-1"]
[WhiteElo "2129"]
[BlackElo "2407"]
[EventDate "2013.07.20"]
[PlyCount "42"]

1.d4 Nf6 2.Nf3 e6 3.Bg5 c5 4.e3 Qb6 5.Nbd2 d5 6.Bxf6 gxf6 7.Rb1 cxd4 8.
exd4 Nc6 9.Nb3 Rg8 10.g3 Bd7 11.a4 Na5 12.Nxa5 Qxa5+ 13.c3 Qxa4 14.Qc1 Qa5
15.Bd3 h5 16.O-O Qc7 17.Qe3 Bd6 18.Nh4 O-O-O 19.c4 dxc4 20.Bxc4 Kb8 21.
Rfc1 Bf4 0-1

[Event "EU-chT Seniors 15th"]
[Site "Dresden"]
[Date "2013.07.23"]
[Round "4"]
[White "Veremeichik, Vladimir"]
[Black "Pauchard, Pierre"]
[Result "1/2-1/2"]
[WhiteElo "2340"]
[BlackElo "2106"]
[EventDate "2013.07.20"]
[PlyCount "62"]

1.d4 e6 2.c4 f5 3.g3 Nf6 4.Bg2 d5 5.Nf3 c6 6.O-O Bd6 7.b3 Qe7 8.Bb2 Nbd7 
9.Qc1 b6 10.Ba3 c5 11.Nc3 Ne4 12.cxd5 Nxc3 13.Qxc3 exd5 14.Rfd1 Bb7 15.
dxc5 bxc5 16.e3 O-O 17.Rac1 Rac8 18.Ne1 Nf6 19.Bb2 Ne4 20.Qd3 g6 21.Rc2 
Rfd8 22.Rdc1 Rc7 23.Nf3 Rcd7 24.b4 c4 25.Qd4 Kf7 26.h4 Rg8 27.a3 h6 28.
Ne5+ Bxe5 29.Qxe5 Qxe5 30.Bxe5 Ke6 31.Bd4 Bc6 1/2-1/2

[Event "EU-chT Seniors 15th"]
[Site "Dresden"]
[Date "2013.07.23"]
[Round "4"]
[White "Vucenovic, Dragomir"]
[Black "Dydyshko, Viacheslav"]
[Result "1/2-1/2"]
[WhiteElo "2271"]
[BlackElo "2512"]
[EventDate "2013.07.20"]
[PlyCount "33"]

1.d4 d5 2.Nf3 c6 3.g3 Nf6 4.Bg2 Bf5 5.O-O e6 6.b3 Nbd7 7.Bb2 a6 8.Nbd2 Bd6
9.c4 O-O 10.a3 Qb8 11.Re1 b5 12.c5 Bc7 13.b4 a5 14.Bc3 Re8 15.e3 Ne4 16.
Nxe4 Bxe4 17.Nd2 1/2-1/2

[Event "EU-chT Seniors 15th"]
[Site "Dresden"]
[Date "2013.07.23"]
[Round "4"]
[White "Roofthoofd, Marcel"]
[Black "Petzold, Hans"]
[Result "1-0"]
[WhiteElo "2196"]
[BlackElo "2129"]
[EventDate "2013.07.20"]
[PlyCount "74"]

1.e4 e6 2.d4 d5 3.e5 c5 4.c3 Qd7 5.a4 b6 6.Bb5 Nc6 7.Nf3 a6 8.Bd3 cxd4 9.
cxd4 Nb4 10.Be2 Ne7 11.O-O Bb7 12.Bd2 Nec6 13.Na3 Rc8 14.Bc3 Be7 15.Nc2 
Nxc2 16.Qxc2 f5 17.exf6 Bxf6 18.Qd2 O-O 19.Bd3 Rce8 20.Rfe1 g6 21.Qe2 Qg7 
22.Rad1 a5 23.Bb5 Re7 24.Rd3 Rc8 25.Re3 Nd8 26.Qd3 Bc6 27.b4 Rec7 28.Bd2 
Bxb5 29.Qxb5 Bxd4 30.Qe8+ Qf8 31.Qxf8+ Kxf8 32.Nxd4 axb4 33.Bxb4+ Kf7 34.
Nxe6 Nxe6 35.Rxe6 Rc4 36.Rxb6 d4 37.Re7+ Kg8 1-0

[Event "EU-chT Seniors 15th"]
[Site "Dresden"]
[Date "2013.07.23"]
[Round "4"]
[White "Schmidt, Gerhardt"]
[Black "Rooze, Jan"]
[Result "0-1"]
[WhiteElo "2235"]
[BlackElo "2386"]
[EventDate "2013.07.20"]
[PlyCount "66"]

1.d4 Nf6 2.Nf3 c5 3.e3 e6 4.Bd3 d5 5.b3 Nc6 6.O-O Bd6 7.Bb2 O-O 8.c4 cxd4 
9.exd4 b6 10.Nc3 dxc4 11.bxc4 Bb7 12.Qe2 Nb4 13.Bb1 Rc8 14.Ne5 Ba6 15.a3 
Nbd5 16.Nb5 Bxb5 17.cxb5 Nc3 18.Bxc3 Rxc3 19.a4 Qc7 20.g3 Bxe5 21.dxe5 Nd7
22.Re1 g6 23.Be4 Nxe5 24.Qb2 Rc8 25.Re2 Qc4 26.a5 Rd8 27.axb6 axb6 28.Ra8 
Rxa8 29.Bxa8 Nd3 30.Qd2 Rc1+ 31.Kg2 Qd4 32.Qg5 Ne1+ 33.Kh3 Rc5 0-1

[Event "EU-chT Seniors 15th"]
[Site "Dresden"]
[Date "2013.07.23"]
[Round "4"]
[White "Andersson, Gunnar"]
[Black "Van Herck, Marcel"]
[Result "1/2-1/2"]
[WhiteElo "2073"]
[BlackElo "2104"]
[EventDate "2013.07.20"]
[PlyCount "37"]

1.e4 e6 2.d4 d5 3.Nc3 Bb4 4.Ne2 dxe4 5.a3 Be7 6.Nxe4 Nc6 7.Bf4 Nf6 8.Qd3 
Nxe4 9.Qxe4 Bf6 10.O-O-O Ne7 11.Nc3 c6 12.Be5 Nd5 13.Nxd5 cxd5 14.Bxf6 
Qxf6 15.Bb5+ Ke7 16.Qe1 Qf4+ 17.Kb1 Rd8 18.Qb4+ Qd6 19.Qxd6+ 1/2-1/2

[Event "EU-chT Seniors 15th"]
[Site "Dresden"]
[Date "2013.07.23"]
[Round "4"]
[White "Beniest, Rene"]
[Black "Bernhardsson, Sten"]
[Result "0-1"]
[WhiteElo "2138"]
[BlackElo "2084"]
[EventDate "2013.07.20"]
[PlyCount "130"]

1.d4 d5 2.c4 e6 3.Nc3 Nf6 4.cxd5 exd5 5.Bg5 Be7 6.e3 O-O 7.Bd3 Nbd7 8.Nge2
Re8 9.O-O c6 10.Qc2 Nf8 11.f3 Nh5 12.Bxe7 Qxe7 13.e4 dxe4 14.fxe4 Nf6 15.
h3 Be6 16.a3 Rad8 17.Rf3 c5 18.d5 c4 19.Bxc4 Qc5+ 20.Kh1 Qxc4 21.dxe6 Nxe6
22.Raf1 Nd4 23.Nxd4 Qxd4 24.Qb3 Qb6 25.Qxb6 axb6 26.R1f2 Re6 27.Rf5 Rde8 
28.Rb5 Nxe4 29.Nxe4 Rxe4 30.Rxb6 R8e7 31.Rd2 f6 32.Rd8+ Kf7 33.Rb8 Re1+ 
34.Kh2 R7e2 35.R8xb7+ Kg6 36.Rb4 h5 37.h4 Rd1 38.Rb3 Kh6 39.Rg3 Re4 40.Rb4
Rxb4 41.axb4 Rd4 42.Rb3 Rxh4+ 43.Kg3 Rd4 44.b5 h4+ 45.Kf3 g5 46.b6 Rd8 47.
b7 Rb8 48.Ke4 Kg6 49.Rb6 Kh5 50.Rb5 Kg4 51.Rb3 f5+ 52.Ke5 f4 53.Kd6 f3 54.
Rxf3 Rxb7 55.b3 Rb4 56.Rc3 Rb8 57.Kc7 Rb4 58.Kd6 Rd4+ 59.Ke5 Rd2 60.Rc4+ 
Kg3 61.Kf5 Rd5+ 62.Kg6 g4 63.Rc2 Rb5 64.Rb2 h3 65.gxh3 Kxh3 0-1

[Event "EU-chT Seniors 15th"]
[Site "Dresden"]
[Date "2013.07.23"]
[Round "4"]
[White "Hajenius, Willem"]
[Black "Danielsson, Robert"]
[Result "1/2-1/2"]
[WhiteElo "1923"]
[BlackElo "2071"]
[EventDate "2013.07.20"]
[PlyCount "37"]

1.d4 Nf6 2.c4 g6 3.Nc3 d5 4.cxd5 Nxd5 5.Na4 Bg7 6.e4 Nb6 7.Be3 O-O 8.Nf3 
Nxa4 9.Qxa4 c5 10.Rd1 Qb6 11.Rd2 Qb4 12.Qc2 cxd4 13.Nxd4 Bd7 14.Be2 Rc8 
15.Qd1 a6 16.O-O Be8 17.f4 Bxd4 18.Bxd4 e6 19.Bf3 1/2-1/2

[Event "EU-chT Seniors 15th"]
[Site "Dresden"]
[Date "2013.07.23"]
[Round "4"]
[White "Johansson, Per"]
[Black "Schrickx, Frank"]
[Result "1-0"]
[WhiteElo "2007"]
[BlackElo "1901"]
[EventDate "2013.07.20"]
[PlyCount "77"]

1.d4 Nf6 2.Nf3 e6 3.c4 b6 4.g3 Bb7 5.Bg2 Bb4+ 6.Bd2 Qe7 7.O-O O-O 8.Bf4 
Bd6 9.Bxd6 Qxd6 10.Nc3 Qe7 11.Qc2 d5 12.Ne5 c6 13.Rfd1 Nbd7 14.Nxd7 Qxd7 
15.b3 Rac8 16.Na4 Qe7 17.c5 b5 18.Nb2 e5 19.dxe5 Qxe5 20.Nd3 Qe7 21.a4 a6 
22.axb5 cxb5 23.b4 Rfe8 24.Nf4 Qe5 25.Ra3 Qg5 26.Rad3 Re5 27.h4 Qh6 28.
Nxd5 Nxd5 29.Bxd5 Bxd5 30.Rxd5 Rxd5 31.Rxd5 Qe6 32.Qd3 g6 33.Rd6 Qg4 34.
Rd4 Qe6 35.Qe4 Qa2 36.Qg4 Re8 37.e3 a5 38.Qd7 Re6 39.Rf4 1-0

[Event "EU-chT Seniors 15th"]
[Site "Dresden"]
[Date "2013.07.23"]
[Round "4"]
[White "Bisse, Vilorij"]
[Black "Fossum, Widar"]
[Result "1-0"]
[WhiteElo "1967"]
[BlackElo "1994"]
[EventDate "2013.07.20"]
[PlyCount "85"]

1.e4 e6 2.d4 b6 3.Nf3 Bb7 4.Bd3 c5 5.c3 Nf6 6.Qe2 d5 7.e5 Nfd7 8.Ng5 Be7 
9.Qh5 Bxg5 10.Bxg5 Qc7 11.O-O Nf8 12.Qe2 h6 13.Be3 Nbd7 14.f4 g6 15.b3 h5 
16.a4 Rc8 17.Na3 Bc6 18.Ba6 Rb8 19.Bb5 a5 20.Bxc6 Qxc6 21.Nb5 Ra8 22.Nd6+ 
Ke7 23.h4 Rb8 24.Rac1 Ra8 25.Qf2 Rg8 26.Qf3 f5 27.Rfd1 Nb8 28.Qg3 Nh7 29.
Qf3 Kd7 30.c4 dxc4 31.Nxc4 Qxf3 32.gxf3 Kc7 33.dxc5 bxc5 34.Bxc5 Ra6 35.
Bd6+ Kb7 36.Bxb8 Kxb8 37.Rd7 Ra7 38.Rxa7 Kxa7 39.Nxa5 Rg7 40.Nc6+ Kb6 41.
Nd4 Nf8 42.Rc8 Rf7 43.b4 1-0

[Event "EU-chT Seniors 15th"]
[Site "Dresden"]
[Date "2013.07.23"]
[Round "4"]
[White "Mundal, Arnold"]
[Black "Guenther, Egbert"]
[Result "1/2-1/2"]
[WhiteElo "1937"]
[BlackElo "2032"]
[EventDate "2013.07.20"]
[PlyCount "65"]

1.Nf3 d5 2.d4 e6 3.Bf4 Nf6 4.e3 c6 5.Bd3 Nbd7 6.O-O Ne4 7.Nbd2 Ndf6 8.Ne5 
Nxd2 9.Qxd2 Bd6 10.c4 Nh5 11.c5 Nxf4 12.exf4 Be7 13.b4 O-O 14.Rfe1 g6 15.
a4 Bf6 16.Ra3 Bg7 17.Bb1 Qc7 18.Rg3 a6 19.h4 Bxe5 20.fxe5 f5 21.exf6 Rxf6 
22.h5 Qf4 23.Ree3 Bd7 24.hxg6 h6 25.Rgf3 Qg5 26.Rxf6 Qxf6 27.Rf3 Qg5 28.
Qxg5 hxg5 29.Rf7 Rd8 30.Kh2 Bc8 31.Kg3 e5 32.dxe5 d4 33.Bd3 1/2-1/2

[Event "EU-chT Seniors 15th"]
[Site "Dresden"]
[Date "2013.07.23"]
[Round "4"]
[White "Krebs, Dietmar"]
[Black "Grottke, Hans Joachim"]
[Result "0-1"]
[WhiteElo "2080"]
[BlackElo "2220"]
[EventDate "2013.07.20"]
[PlyCount "86"]

1.e4 e6 2.d3 d5 3.Nd2 Nf6 4.g3 Nc6 5.Ngf3 Bc5 6.Bg2 O-O 7.O-O dxe4 8.dxe4 
e5 9.Qe2 a5 10.Nb3 Bd6 11.a4 b6 12.Rd1 Ba6 13.c4 Qe7 14.Bg5 h6 15.Bxf6 
Qxf6 16.Rac1 Rfd8 17.Qe3 Bb4 18.Bf1 Rxd1 19.Rxd1 Rd8 20.Rd5 Bb7 21.Be2 Nd4
22.Rxd8+ Qxd8 23.Nfxd4 exd4 24.Qxd4 Qxd4 25.Nxd4 Bxe4 26.Bd1 Kf8 27.b3 Ke7
28.Kf1 Bc5 29.Nc2 g5 30.Ne3 Bxe3 31.fxe3 Kd6 32.Ke2 Kc5 33.Kd2 Kb4 34.h4 
f6 35.Bc2 f5 36.hxg5 hxg5 37.Bd1 g4 38.Bc2 Ka3 39.Kc3 Bxc2 40.Kxc2 c6 41.
Kc3 c5 42.Kc2 Ka2 43.Kc3 Kb1 0-1

[Event "EU-chT Seniors 15th"]
[Site "Dresden"]
[Date "2013.07.23"]
[Round "4"]
[White "Urban, Hans Rainer"]
[Black "Weller, Karl"]
[Result "0-1"]
[WhiteElo "2133"]
[BlackElo "1967"]
[EventDate "2013.07.20"]
[PlyCount "86"]

1.e4 c5 2.Nf3 d6 3.d4 cxd4 4.Qxd4 Nc6 5.Bb5 Bd7 6.Bxc6 Bxc6 7.Nc3 h6 8.Be3
Nf6 9.O-O-O e6 10.Rhe1 Be7 11.e5 dxe5 12.Qxe5 Qb8 13.Qd4 b5 14.Ne5 Qb7 15.
Nxc6 Qxc6 16.a3 O-O 17.f3 Rfc8 18.Rd2 Bxa3 19.bxa3 Qxc3 20.Qxc3 Rxc3 21.
Kb2 Rc4 22.Rd6 a6 23.Bb6 Nd5 24.Rd8+ Rxd8 25.Bxd8 Rd4 26.Ba5 Rc4 27.Kb3 
Rh4 28.h3 Rc4 29.Re4 Rc6 30.g3 f5 31.Rd4 Kf7 32.f4 g5 33.fxg5 hxg5 34.h4 
gxh4 35.Rxh4 e5 36.Rh7+ Ke6 37.Bd2 Nf6 38.Ra7 Kd5 39.Rg7 Ke4 40.Re7 Nd5 
41.Re8 Nc7 42.Re7 Ne6 43.Kb4 Nd4 0-1

[Event "EU-chT Seniors 15th"]
[Site "Dresden"]
[Date "2013.07.23"]
[Round "4"]
[White "Haubt, Georg"]
[Black "Sorensen, Bent"]
[Result "1/2-1/2"]
[WhiteElo "2239"]
[BlackElo "2256"]
[EventDate "2013.07.20"]
[PlyCount "70"]

1.e4 e6 2.d4 d5 3.Nc3 Bb4 4.Bd3 dxe4 5.Bxe4 Nf6 6.Bf3 c5 7.a3 Bxc3+ 8.bxc3
O-O 9.Ne2 Nc6 10.O-O Qa5 11.Rb1 Rd8 12.Bg5 cxd4 13.Bxf6 gxf6 14.cxd4 Qxa3 
15.Rb3 Qd6 16.Qc1 Kf8 17.Re1 Ke7 18.c4 Nxd4 19.Nxd4 Qxd4 20.Rd1 Qc5 21.
Rxd8 Kxd8 22.Bxb7 Rb8 23.Rb5 Qc7 24.Qd2+ Bd7 25.Ba6 Rxb5 26.Bxb5 Ke8 27.h3
Bxb5 28.cxb5 Qc5 29.Qb2 Ke7 30.g3 f5 31.Qa1 Qxb5 32.Qxa7+ Kf6 33.Qd4+ Qe5 
34.Qd8+ Kg6 35.h4 Qf6 1/2-1/2

[Event "EU-chT Seniors 15th"]
[Site "Dresden"]
[Date "2013.07.23"]
[Round "4"]
[White "Klundt, Klaus"]
[Black "Kolbak, Jens"]
[Result "0-1"]
[WhiteElo "2338"]
[BlackElo "2280"]
[EventDate "2013.07.20"]
[PlyCount "80"]

1.e4 e5 2.Nf3 Nc6 3.Bb5 a6 4.Ba4 Nf6 5.O-O b5 6.Bb3 Bc5 7.c3 d6 8.a4 Rb8 
9.d4 Bb6 10.a5 Ba7 11.h3 h6 12.Be3 Qe7 13.dxe5 dxe5 14.Bd5 Nxd5 15.Qxd5 
O-O 16.Nxe5 Nxe5 17.Bxa7 Rd8 18.Qc5 Qxc5 19.Bxc5 Nd3 20.Be3 Nxb2 21.Nd2 
Be6 22.Rfb1 Nd3 23.Kf1 Rbc8 24.Ke2 c5 25.Rd1 Nb2 26.Rdb1 Nd3 27.Rd1 f6 28.
Rab1 Kf7 29.f3 Rd7 30.Kf1 g5 31.Kg1 h5 32.Nf1 b4 33.cxb4 cxb4 34.Bb6 b3 
35.Rd2 Rc2 36.Rbd1 Rxd2 37.Nxd2 Ne5 38.Kf2 b2 39.Ke3 Rd3+ 40.Ke2 Ba2 0-1

[Event "EU-chT Seniors 15th"]
[Site "Dresden"]
[Date "2013.07.23"]
[Round "4"]
[White "Rosenlund, Thorbjorn"]
[Black "Isserman, Ryhor"]
[Result "1/2-1/2"]
[WhiteElo "2263"]
[BlackElo "2331"]
[EventDate "2013.07.20"]
[PlyCount "93"]

1.Nf3 Nf6 2.c4 g6 3.b3 Bg7 4.Bb2 O-O 5.g3 d6 6.d4 Bd7 7.Bg2 Qc8 8.O-O Bh3 
9.Nc3 e6 10.Qd2 Bxg2 11.Kxg2 Re8 12.e4 e5 13.d5 c5 14.Ne1 Nh5 15.Nd3 Na6 
16.f3 Qd7 17.g4 Nf6 18.Bc1 h5 19.h3 Nc7 20.Qf2 b5 21.Qh4 bxc4 22.bxc4 Rf8 
23.Bg5 Nce8 24.Rab1 Nh7 25.gxh5 Nxg5 26.Qxg5 gxh5 27.Qxh5 f5 28.exf5 Rxf5 
29.Rb7 Qxb7 30.Qxf5 Qa6 31.Qg4 Nf6 32.Qe6+ Kh8 33.Ne4 Nxe4 34.fxe4 Qxc4 
35.Rf5 Qxe4+ 36.Kh2 Qe2+ 37.Nf2 Rf8 38.Rxf8+ Bxf8 39.Qf7 Bg7 40.Kg3 c4 41.
Ng4 Qd3+ 42.Kh4 Qh7+ 43.Kg3 Qd3+ 44.Kh4 Qe4 45.Qe8+ Kh7 46.Qh5+ Kg8 47.
Qe8+ 1/2-1/2

[Event "EU-chT Seniors 15th"]
[Site "Dresden"]
[Date "2013.07.23"]
[Round "4"]
[White "Schuetze, Hasso"]
[Black "Sager, Bernd"]
[Result "1-0"]
[WhiteElo "2070"]
[BlackElo "1927"]
[EventDate "2013.07.20"]
[PlyCount "97"]

1.Nf3 Nf6 2.c4 e6 3.b3 d5 4.Bb2 Be7 5.g3 O-O 6.Bg2 c6 7.O-O Nbd7 8.Qc2 Re8
9.Nc3 Nf8 10.d4 Ng6 11.Rad1 Bf8 12.e4 dxe4 13.Ne5 Qa5 14.Nxg6 hxg6 15.Nxe4
Nxe4 16.Bxe4 Bd7 17.a3 Rac8 18.b4 Qh5 19.f4 Be7 20.Qc3 Bf6 21.Bf3 Qh3 22.
Qd2 Rcd8 23.Rf2 c5 24.bxc5 Ba4 25.Rdf1 Rd7 26.Qe3 Red8 27.Rd2 Bc6 28.Rfd1 
Qh6 29.Bc3 g5 30.f5 Bxf3 31.Qxf3 g4 32.Qd3 exf5 33.d5 Bg5 34.Re2 f4 35.
Rde1 Rf8 36.gxf4 Bxf4 37.Qf5 Re7 38.Qxg4 Be3+ 39.Kh1 f5 40.Qf3 f4 41.Bd4 
Qh7 42.d6 Ref7 43.Qd5 Bxd4 44.d7 f3 45.d8=Q Bxc5 46.Re8 Qg6 47.Rxf8+ Bxf8 
48.Qxf8+ Kh7 49.Qxf3 1-0

[Event "EU-chT Seniors 15th"]
[Site "Dresden"]
[Date "2013.07.23"]
[Round "4"]
[White "Thygesen, Else"]
[Black "Micheel, Peter"]
[Result "1/2-1/2"]
[WhiteElo "2105"]
[BlackElo "1926"]
[EventDate "2013.07.20"]
[PlyCount "37"]

1.d4 Nf6 2.c4 e5 3.dxe5 Ng4 4.Nf3 Bc5 5.e3 Nc6 6.Nc3 O-O 7.Be2 Ngxe5 8.
Nxe5 Nxe5 9.O-O d6 10.a3 a5 11.Ne4 Be6 12.Nxc5 dxc5 13.b3 Qxd1 14.Rxd1 
Rad8 15.Bb2 f6 16.h3 Kh8 17.f4 Nf7 18.Bd3 h6 19.Kf2 1/2-1/2

[Event "EU-chT Seniors 15th"]
[Site "Dresden"]
[Date "2013.07.23"]
[Round "4"]
[White "Franke, Roland"]
[Black "Goldberg, Valerij"]
[Result "1/2-1/2"]
[WhiteElo "1991"]
[BlackElo "2150"]
[EventDate "2013.07.20"]
[PlyCount "26"]

1.b4 e5 2.Bb2 f6 3.b5 d5 4.e3 Be6 5.Nf3 Bd6 6.d4 e4 7.Nfd2 Nd7 8.c4 c6 9.
Nc3 Ne7 10.Qb3 f5 11.a4 O-O 12.g3 Nf6 13.Be2 g5 1/2-1/2

[Event "EU-chT Seniors 15th"]
[Site "Dresden"]
[Date "2013.07.23"]
[Round "4"]
[White "Goerden, Hans Juergen"]
[Black "Reinemann, Guenter"]
[Result "1/2-1/2"]
[WhiteElo "1930"]
[BlackElo "1999"]
[EventDate "2013.07.20"]
[PlyCount "22"]

1.e4 e6 2.d3 d5 3.Nd2 dxe4 4.dxe4 Nc6 5.Ngf3 Nge7 6.Bb5 Bd7 7.O-O Ng6 8.
Nb3 Be7 9.c3 a6 10.Bd3 O-O 11.Qe2 e5 1/2-1/2

[Event "EU-chT Seniors 15th"]
[Site "Dresden"]
[Date "2013.07.23"]
[Round "4"]
[White "Auvinen, Esa"]
[Black "Schroeter, Helmut"]
[Result "1/2-1/2"]
[WhiteElo "1956"]
[BlackElo "2063"]
[EventDate "2013.07.20"]
[PlyCount "91"]

1.e4 e5 2.Nf3 Nc6 3.Bb5 a6 4.Bxc6 dxc6 5.d4 exd4 6.Qxd4 Qxd4 7.Nxd4 c5 8.
Ne2 Bd7 9.Nbc3 O-O-O 10.Bd2 Ne7 11.O-O-O Nc6 12.Bf4 f6 13.f3 Ne5 14.h4 c6 
15.Bg3 Be7 16.Na4 Be6 17.Rxd8+ Rxd8 18.Nac3 b5 19.Rd1 Rxd1+ 20.Nxd1 Kd7 
21.Ne3 a5 22.a3 c4 23.Bxe5 fxe5 24.c3 Bxh4 25.Nc2 Bg5+ 26.Kd1 h5 27.g3 Bh6
28.Ke1 g5 29.Kf2 c5 30.Kg2 Kd6 31.Kf2 Bd7 32.Ne3 Ke6 33.g4 h4 34.Ng1 Bf8 
35.Nh3 Be7 36.Ke2 Bc6 37.Kd2 Kf6 38.Kc2 Bd8 39.Kb1 a4 40.Kc2 Bd7 41.Nd5+ 
Kg6 42.Ne3 Be6 43.Kc1 b4 44.Kc2 Ba5 45.Kd2 Kf6 46.Nd1 1/2-1/2

[Event "EU-chT Seniors 15th"]
[Site "Dresden"]
[Date "2013.07.23"]
[Round "4"]
[White "Eichner, Christian"]
[Black "Peltola, Leo"]
[Result "1/2-1/2"]
[WhiteElo "2086"]
[BlackElo "2006"]
[EventDate "2013.07.20"]
[PlyCount "144"]

1.e4 c5 2.Nf3 d6 3.Nc3 Nf6 4.d4 cxd4 5.Nxd4 a6 6.Bg5 e6 7.f4 Be7 8.Qf3 Qc7
9.O-O-O Nbd7 10.Bd3 h6 11.Qh3 Nc5 12.Rhe1 e5 13.Nf5 Bxf5 14.exf5 O-O-O 15.
Bxf6 Bxf6 16.Nd5 Qa5 17.Bc4 Nd7 18.fxe5 dxe5 19.Nxf6 gxf6 20.Bxf7 Nc5 21.
Qh4 Qb6 22.Be6+ Nxe6 23.Qxf6 Rxd1+ 24.Rxd1 Qe3+ 25.Kb1 Re8 26.fxe6 Qe2 27.
Rc1 Qg4 28.Qxe5 Rxe6 29.Qc3+ Kb8 30.Re1 Ka7 31.b3 Rxe1+ 32.Qxe1 Qxg2 33.
Qe3+ Ka8 34.Qxh6 Qg1+ 35.Kb2 Qd4+ 36.Kc1 Qa1+ 37.Kd2 Qd4+ 38.Ke2 Qe4+ 39.
Kd1 Qd4+ 40.Ke1 Qe4+ 41.Kf1 Qf3+ 42.Ke1 Qe4+ 43.Kd1 Qd4+ 44.Qd2 Qg1+ 45.
Qe1 Qxh2 46.Qe8+ Ka7 47.Qe3+ Ka8 48.Kc1 Qh1+ 49.Kb2 Qc6 50.Qc3 Qd5 51.a4 
a5 52.Qd3 Qe5+ 53.Ka2 Qc5 54.Qc4 Qf5 55.Kb1 Qe5 56.Qg8+ Ka7 57.Qg1+ Ka6 
58.Qf1+ Ka7 59.Qf2+ Ka6 60.Qd2 Ka7 61.Ka2 Ka6 62.Qd3+ Ka7 63.Qb5 Qc3 64.
Qc4 Qxc4 65.bxc4 Kb6 66.Kb3 Kc6 67.Kc3 Kc5 68.Kd3 b6 69.c3 Kc6 70.Kd4 Kd6 
71.Ke4 Kc5 72.Kd3 Kc6 1/2-1/2